|
|
|
|
| LEADER |
01641nam a2200433Ia 4500 |
| 001 |
EBC817436 |
| 003 |
MiAaPQ |
| 005 |
20200520144314.0 |
| 006 |
m o d | |
| 007 |
cr cn||||||||| |
| 008 |
110715s2012 nju sb 001 0 eng d |
| 010 |
|
|
|z 2011029931
|
| 020 |
|
|
|z 9781118004531
|
| 020 |
|
|
|z 9781118170120
|
| 035 |
|
|
|a (MiAaPQ)EBC817436
|
| 035 |
|
|
|a (Au-PeEL)EBL817436
|
| 035 |
|
|
|a (CaPaEBR)ebr10510352
|
| 035 |
|
|
|a (CaONFJC)MIL462683
|
| 035 |
|
|
|a (OCoLC)769156447
|
| 040 |
|
|
|a MiAaPQ
|c MiAaPQ
|d MiAaPQ
|
| 050 |
|
4 |
|a HG4028.V3
|b D38 2012
|
| 082 |
0 |
4 |
|a 658.4/038
|2 23
|
| 100 |
1 |
|
|a Harrison, Suzanne S.
|
| 245 |
1 |
0 |
|a Edison in the boardroom, revisited
|h [electronic resource] :
|b how leading companies realize value from their intellectual assets /
|c Suzanne S. Harrison, Patrick H. Sullivan.
|
| 250 |
|
|
|a 2nd ed.
|
| 260 |
|
|
|a Hoboken, NJ :
|b Wiley,
|c c2012.
|
| 300 |
|
|
|a xlv, 255 p.
|
| 500 |
|
|
|a Prev. ed. entered under: Davis, Julie L.
|
| 504 |
|
|
|a Includes bibliographical references and index.
|
| 533 |
|
|
|a Electronic reproduction. Ann Arbor, MI : ProQuest, 2015. Available via World Wide Web. Access may be limited to ProQuest affiliated libraries.
|
| 650 |
|
0 |
|a Corporations
|x Valuation.
|
| 650 |
|
0 |
|a Intellectual capital.
|
| 650 |
|
0 |
|a Research, Industrial
|x Economic aspects.
|
| 650 |
|
0 |
|a Technological innovations
|x Economic aspects.
|
| 655 |
|
4 |
|a Electronic books.
|
| 700 |
1 |
|
|a Sullivan, Patrick H.
|
| 700 |
1 |
|
|a Davis, Julie L.
|t Edison in the boardroom.
|
| 710 |
2 |
|
|a ProQuest (Firm)
|
| 856 |
4 |
0 |
|u https://ebookcentral.proquest.com/lib/matrademy/detail.action?docID=817436
|z Click to View
|